[Event "15. OIBM Bad Wiessee"]
[Site "Bad Wiessee"]
[Date "2011.11.04"]
[Round "8.5"]
[White "Markowski, Tomasz"]
[Black "Sokolov, Andrei"]
[Result "1/2-1/2"]
[WhiteElo "2607"]
[BlackElo "2519"]
[PlyCount "69"]
[EventDate "2011.??.??"]
[WhiteTeam "SK König Plauen"]
[BlackTeam "TV Tegernsee"]

1. d4 Nf6 2. c4 e6 3. g3 d5 4. Bg2 Bb4+ 5. Bd2 Be7 6. Nf3 O-O 7. O-O c6 8. Qc2
Nbd7 9. Rd1 b6 10. b3 Ba6 11. a4 Ne4 12. Be1 f5 13. a5 Bd6 14. Nbd2 Qe7 15. Ra2
c5 16. axb6 axb6 17. Rda1 Bb7 18. cxd5 Rxa2 19. Rxa2 Bxd5 20. Nc4 cxd4 21. Nxd6
Qxd6 22. Nxd4 Qc5 23. Qb2 e5 24. Nf3 Be6 25. Ra1 Rc8 26. Nd2 Qc3 27. Qxc3 Nxc3
28. Kf1 e4 29. Bh3 b5 30. b4 Nf6 31. Ra6 Kf7 32. Ra7+ Kg6 33. Ra6 Kf7 34. Ra7+
Kg6 35. Ra6 1/2-1/2

[Event "15. OIBM Bad Wiessee"]
[Site "Bad Wiessee"]
[Date "2011.11.04"]
[Round "8.6"]
[White "Swiercz, Dariusz"]
[Black "Graf, Alexander"]
[Result "0-1"]
[WhiteElo "2585"]
[BlackElo "2628"]
[PlyCount "110"]
[EventDate "2011.??.??"]
[WhiteTeam "Schachklub Turm Emsdetten e.V."]
[BlackTeam "SK König Plauen"]

1. e4 e5 2. Nf3 Nc6 3. Bb5 a6 4. Ba4 Nf6 5. O-O Be7 6. Qe2 b5 7. Bb3 O-O 8. c3
d5 9. d3 dxe4 10. dxe4 Bd6 11. Bg5 Qe7 12. Bd5 Bd7 13. Nh4 g6 14. Nd2 Kg7 15.
Qe3 Rfe8 16. Rfe1 Rab8 17. Bxc6 Bxc6 18. Qh3 h5 19. Re3 Qd7 20. Qxd7 Nxd7 21.
Ree1 Nc5 22. Re2 f6 23. Be3 Nxe4 24. Nxe4 Bxe4 25. Ba7 Ra8 26. Rxe4 Rxa7 27.
Nf3 f5 28. Re2 Raa8 29. Rd1 Rad8 30. g3 Kf6 31. h4 e4 32. Ng5 Bc5 33. Rde1 Rd3
34. Kg2 a5 35. Nh7+ Kg7 36. Ng5 a4 37. a3 Re7 38. Kh2 Kf6 39. Kg2 Red7 40. Rxe4
fxe4 41. Nxe4+ Kf7 42. Nxc5 Rd1 43. Re4 Re7 44. Rb4 Re5 45. Na6 Rd2 46. Kf1 c6
47. Nb8 c5 48. Rxb5 Ree2 49. Rb7+ Ke6 50. Rb6+ Kf5 51. Nd7 Rxf2+ 52. Kg1 Rg2+
53. Kf1 Rdf2+ 54. Ke1 Rxb2 55. Rf6+ Kg4 0-1

[Event "15. OIBM Bad Wiessee"]
[Site "Bad Wiessee"]
[Date "2011.11.04"]
[Round "8.7"]
[White "Baklan, Vladimir"]
[Black "Ernst, Sipke"]
[Result "1/2-1/2"]
[WhiteElo "2617"]
[BlackElo "2581"]
[PlyCount "65"]
[EventDate "2011.??.??"]
[WhiteTeam "SG Porz e.V."]
[BlackTeam "SG Solingen e.V."]

1. e4 e5 2. Nf3 Nc6 3. Bb5 a6 4. Ba4 Nf6 5. O-O Nxe4 6. d4 b5 7. Bb3 d5 8. dxe5
Be6 9. Nbd2 Nc5 10. c3 Be7 11. Bc2 d4 12. Nb3 d3 13. Nxc5 dxc2 14. Qxd8+ Rxd8
15. Nxe6 fxe6 16. Be3 Rd5 17. Rfc1 Nxe5 18. Nxe5 Rxe5 19. Rxc2 O-O 20. g3 Bg5
21. Bxg5 Rxg5 22. c4 Rc5 23. Rac1 b4 24. Rd1 Rc6 25. b3 Rd6 26. Re1 Rf5 27. g4
Rf4 28. h3 h5 29. c5 Rc6 30. Kg2 hxg4 31. Kg3 Rf5 32. hxg4 Rd5 33. Re3 1/2-1/2

[Event "15. OIBM Bad Wiessee"]
[Site "Bad Wiessee"]
[Date "2011.11.04"]
[Round "8.8"]
[White "Khenkin, Igor"]
[Black "Pezerovic, Edin"]
[Result "1-0"]
[WhiteElo "2624"]
[BlackElo "2455"]
[PlyCount "69"]
[EventDate "2011.??.??"]
[WhiteTeam "Wiesbadener SV 1885"]
[BlackTeam "TV Tegernsee"]

1. d4 d5 2. c4 c6 3. e3 Nf6 4. Bd3 Bg4 5. Ne2 e6 6. Nbc3 Nbd7 7. O-O Bd6 8. h3
Bh5 9. Qb3 dxc4 10. Bxc4 Qb6 11. Qc2 e5 12. f4 Bxe2 13. Qxe2 e4 14. g4 h6 15.
Qg2 O-O-O 16. Bxf7 g5 17. Nxe4 Nxe4 18. Qxe4 gxf4 19. exf4 Kb8 20. Be3 Rhf8 21.
Bb3 c5 22. Rad1 Rfe8 23. Qf3 a6 24. Kg2 cxd4 25. Bxd4 Bc5 26. Bxc5 Nxc5 27.
Rxd8+ Rxd8 28. Rd1 Re8 29. f5 Nxb3 30. axb3 Re3 31. Qf4+ Ka7 32. Qd4 Rxb3 33.
Qxb6+ Rxb6 34. Rd2 Kb8 35. Rf2 1-0

[Event "15. OIBM Bad Wiessee"]
[Site "Bad Wiessee"]
[Date "2011.11.04"]
[Round "8.9"]
[White "Rozentalis, Eduardas"]
[Black "Weber, Ulrich"]
[Result "1-0"]
[WhiteElo "2575"]
[BlackElo "2406"]
[PlyCount "119"]
[EventDate "2011.??.??"]
[BlackTeam "SV 1920 Hofheim"]

1. e4 c5 2. c3 d6 3. d4 Nf6 4. Bd3 g6 5. e5 dxe5 6. dxe5 Nh5 7. h3 Nc6 8. Nf3
Qc7 9. Qe2 Ng7 10. Na3 Ne6 11. O-O Bg7 12. Re1 O-O 13. Nb5 Qb8 14. a4 Rd8 15.
Bc2 b6 16. h4 a6 17. Na3 Qc7 18. h5 Rb8 19. hxg6 hxg6 20. Bb3 Na5 21. Ba2 Qb7
22. Ng5 Nxg5 23. Bxg5 Bf5 24. Rad1 Kf8 25. e6 Rxd1 26. Rxd1 fxe6 27. Bxe6 Qe4
28. Qxe4 Bxe4 29. Rd7 Re8 30. Rc7 Bf5 31. Ba2 Bc8 32. Bd5 e6 33. Ba2 Be5 {
Diagramm #} 34. Bh6+ Kg8 35. Rxc8 $1 Rxc8 36. Bxe6+ Kh7 37. Bxc8 Kxh6 38. g3 g5
39. Bxa6 Kg6 40. Bd3+ Kf6 41. Be4 Bd6 42. Kf1 Ke5 43. Bh7 Be7 44. Ke2 Bf8 45.
Kd3 Kd5 46. Be4+ Ke5 47. Bg2 Be7 48. Nc4+ Nxc4 49. Kxc4 Bd8 50. Kb5 Kd6 51. f4
gxf4 52. gxf4 Kc7 53. a5 bxa5 54. Kxc5 Kd7 55. Bd5 Be7+ 56. Kb5 Kd6 57. c4 Bf6
58. b3 Bd8 59. f5 Ke5 60. Be6 1-0

[Event "15. OIBM Bad Wiessee"]
[Site "Bad Wiessee"]
[Date "2011.11.04"]
[Round "8.10"]
[White "Bluebaum, Matthias"]
[Black "Lenderman, Aleksandr"]
[Result "0-1"]
[WhiteElo "2388"]
[BlackElo "2562"]
[PlyCount "92"]
[EventDate "2011.??.??"]
[WhiteTeam "SC Hansa Dortmund e.V."]

1. d4 Nf6 2. c4 e6 3. g3 Bb4+ 4. Bd2 Bxd2+ 5. Qxd2 d5 6. Bg2 O-O 7. Nf3 Nbd7 8.
O-O dxc4 9. Na3 e5 10. dxe5 Nxe5 11. Qxd8 Nxf3+ 12. Bxf3 Rxd8 13. Rfd1 Be6 14.
Bxb7 Rab8 15. Ba6 Rxd1+ 16. Rxd1 Kf8 17. Rd2 Rb4 18. Rc2 Bf5 19. Rc3 Ne4 20.
Rc1 Rxb2 21. Bxc4 Nd6 22. Bd5 Rd2 23. Bb3 Rxe2 24. Nc2 c5 25. Ne3 Bh3 26. Ng2
g5 27. Rxc5 Ne4 28. Rc7 Rxf2 29. Rc2 Rxg2+ 30. Rxg2 Bxg2 31. Kxg2 f5 32. Bc2
Kg7 33. Kf3 Nd6 34. Ke3 Kf6 35. Kd4 Nb5+ 36. Kc5 Nc3 37. a4 Ke5 38. a5 Ne2 39.
Bd3 Nd4 40. a6 h6 41. h3 f4 42. gxf4+ gxf4 43. h4 f3 44. h5 Ne2 45. Kc6 Kd4 46.
Bf5 Nf4 0-1

[Event "15. OIBM Bad Wiessee"]
[Site "Bad Wiessee"]
[Date "2011.11.04"]
[Round "8.11"]
[White "Kotainy, Jens"]
[Black "Zhigalko, Andrey"]
[Result "0-1"]
[WhiteElo "2406"]
[BlackElo "2555"]
[PlyCount "82"]
[EventDate "2011.??.??"]
[WhiteTeam "Sportfreunde Katernberg 1913 e.V"]

1. e4 e5 2. Bc4 Nf6 3. d4 exd4 4. Nf3 Bb4+ 5. c3 dxc3 6. bxc3 d5 7. exd5 Bd6 8.
O-O O-O 9. Bg5 h6 10. Bh4 Bf5 11. Nd4 Bh7 12. Qb3 c5 13. Nf3 b6 14. Nbd2 a6 15.
a4 Nbd7 16. Rfe1 g5 17. Bg3 Bxg3 18. fxg3 Ne8 19. Ne5 Nxe5 20. Rxe5 Nd6 21.
Rae1 Qb8 22. Qd1 b5 23. axb5 axb5 24. Bb3 Ra3 25. Qc1 b4 26. c4 Qd8 27. Qd1 Qf6
28. Qe2 Rfa8 29. Rf1 Ra1 30. Bd1 Bd3 31. Rxf6 Bxe2 32. Rxe2 Rxd1+ 33. Kf2 Ra6
34. Rf3 f5 35. g4 fxg4 36. Rfe3 Nf5 37. Re8+ Kf7 38. Ne4 Nd4 39. Nxc5 Rf6+ 40.
Kg3 Nxe2+ 41. Rxe2 Rf4 0-1

[Event "15. OIBM Bad Wiessee"]
[Site "Bad Wiessee"]
[Date "2011.11.04"]
[Round "8.12"]
[White "Wagner, Dennis"]
[Black "Meins, Gerlef"]
[Result "1-0"]
[WhiteElo "2290"]
[BlackElo "2490"]
[PlyCount "75"]
[EventDate "2011.??.??"]
[WhiteTeam "Kasseler SK 1876"]
[BlackTeam "SAbt SV Werder Bremen"]

1. d4 Nf6 2. c4 g6 3. Nc3 Bg7 4. e4 O-O 5. Nf3 c6 6. Bd3 d6 7. Be3 Ng4 8. Bd2
e5 9. d5 Bh6 10. h3 Bxd2+ 11. Qxd2 Nf6 12. Qh6 Qe7 13. Ng5 Rd8 14. f4 exf4 15.
O-O Qf8 16. Qh4 h6 17. Qxf4 Nbd7 18. Nf3 Nh5 19. Qe3 Re8 20. Rae1 g5 21. h4 g4
22. Nd4 Ne5 23. Nf5 Kh7 24. a3 Bxf5 25. Rxf5 Ng7 26. Rf6 Nh5 27. Rf5 Ng7 28.
Rf2 Qe7 29. g3 Nh5 30. Be2 c5 31. Ref1 Rg8 {Diagramm #} 32. Rf5 Kg6 (32... Ng7
33. Rf6 $18) 33. Qf2 Qd7 34. Rxh5 Kxh5 35. Qf6 Nf3+ 36. Rxf3 gxf3 37. Bxf3+ Rg4
38. Ne2 1-0

[Event "15. OIBM Bad Wiessee"]
[Site "Bad Wiessee"]
[Date "2011.11.04"]
[Round "8.13"]
[White "Siebrecht, Sebastian"]
[Black "Kummerow, Heiko"]
[Result "0-1"]
[WhiteElo "2471"]
[BlackElo "2347"]
[PlyCount "92"]
[EventDate "2011.??.??"]
[WhiteTeam "Sportfreunde Katernberg 1913 e.V"]
[BlackTeam "Recklinghäuser Schachgemeinschaf"]

1. d4 Nf6 2. c4 g6 3. Nc3 Bg7 4. e4 d6 5. Be2 O-O 6. Be3 e5 7. d5 a5 8. g4 Na6
9. h4 Nc5 10. Bf3 Nfd7 11. h5 Nb6 12. Be2 c6 13. hxg6 fxg6 14. Nh3 Bd7 15. Qd2
cxd5 16. exd5 Rc8 17. O-O-O {Diagramm #} Nxc4 $5 18. Bxc4 b5 19. Bxb5 Bxb5 20.
Bxc5 Rxc5 21. Ng5 Qb6 (21... Rxf2 22. Qxf2 Qxg5+ 23. Kb1 Qxg4) 22. Rh2 Rf4 23.
Ne6 Rd4 24. Qg5 Bd3 25. Nxd4 exd4 26. Rxd3 dxc3 27. b3 Rc8 (27... c2 $1 28. Rh1
Qb4 29. Qd8+ Bf8 30. Qf6 Qa3+ 31. Qb2 Qb4 32. Qf6 $11) 28. Qe7 Qc5 29. Qe6+ Kh8
{Diagramm #} 30. Kc2 $2 (30. Rdh3 Qa3+ 31. Kd1 c2+ 32. Ke2 c1=N+ 33. Kf1 h5 34.
Rxh5+ gxh5 35. Rxh5+ $18) (30. Rxh7+ Kxh7 31. Rh3+ Bh6+ 32. g5 Qa3+ 33. Kd1 c2+
34. Ke2 c1=N+ 35. Kf1 $18) 30... Rf8 31. f3 Qa3 32. Kd1 a4 $2 {Diagramm #} (
32... Qc5 $1) 33. bxa4 $4 (33. Rxc3 $3 Bxc3 34. Qxg6 $18) 33... Qxa4+ 34. Rc2
Rb8 35. Kc1 Bh6+ 36. Re3 Qd4 37. Rce2 c2 38. Kxc2 Qb2+ 39. Kd3 Qb1+ 40. Kc4
Rb4+ 41. Kc3 Bg7+ 42. Re5 Bxe5+ 43. Kd2 Rd4+ 44. Ke3 Qg1+ 45. Rf2 Qc1+ 46. Ke2
Qd1+ 0-1

[Event "15. OIBM Bad Wiessee"]
[Site "Bad Wiessee"]
[Date "2011.11.04"]
[Round "8.14"]
[White "Mainka, Romuald"]
[Black "Heimrath, Reiner"]
[Result "1-0"]
[WhiteElo "2488"]
[BlackElo "2299"]
[PlyCount "109"]
[EventDate "2011.??.??"]
[WhiteTeam "Schachclub Hansa Dortmund e.V."]
[BlackTeam "SC Noris-Tarrasch Nürnberg 1873"]

1. e4 c5 2. Nf3 d6 3. d4 cxd4 4. Nxd4 Nf6 5. Nc3 g6 6. g3 Bg7 7. Bg2 O-O 8. O-O
Bg4 9. f3 Bd7 10. Be3 Nc6 11. Qd2 Re8 12. Rad1 Qa5 13. Nb3 Qc7 14. Nb5 Qc8 15.
Qe2 Be6 16. Rfe1 Ne5 17. Nc3 Nc4 18. Bc1 Nd7 19. Nd4 Qc5 20. Qf2 Nf8 21. Na4
Qc7 22. b3 Bd7 23. Nc3 Ne5 24. Nd5 Qc8 25. c4 Ne6 26. Be3 Nxd4 27. Bxd4 b5 28.
cxb5 Bxb5 29. Qb2 Bh6 30. Qb1 Nc6 31. Ba1 f6 32. f4 Bg7 33. a4 Ba6 34. b4 Bb7
35. b5 Nd8 36. Rc1 Qd7 37. Nc7 e5 38. Qb3+ Kh8 39. Nxe8 Qxe8 40. Rc7 Rb8 41. f5
Bh6 42. Rd1 gxf5 43. exf5 Qh5 44. Bxb7 {Diagramm #} Be3+ 45. Qxe3 Qxd1+ 46. Kf2
Qxa1 (46... Rxb7 47. Qh6 $3 $18) 47. Qh6 Qa2+ 48. Kg1 Nf7 49. Qxf6+ Kg8 50. Qe6
Qb1+ 51. Kg2 Rf8 52. Rxf7 Qc2+ 53. Kh3 Rxf7 54. Bd5 Kg7 55. Qxf7+ 1-0

[Event "15. OIBM Bad Wiessee"]
[Site "Bad Wiessee"]
[Date "2011.11.04"]
[Round "8.16"]
[White "Srienz, Christian"]
[Black "Andersson, Ulf"]
[Result "0-1"]
[WhiteElo "2246"]
[BlackElo "2582"]
[PlyCount "70"]
[EventDate "2011.??.??"]
[WhiteTeam "Tschaturanga Wien"]
[BlackTeam "SF Gerresheim 86 e.V."]

1. c4 c5 2. g3 g6 3. Bg2 Bg7 4. Nc3 Nc6 5. Nf3 d6 6. O-O Nh6 7. d4 cxd4 8. Bxh6
Bxh6 9. Nxd4 Nxd4 10. Qxd4 O-O 11. Rfd1 Bg7 12. Qe3 Bxc3 13. Qxc3 Qb6 14. Rd5
Qc7 15. Rc1 Rb8 16. Qe3 Be6 17. Rd4 Qb6 18. b3 Rfc8 19. Rcd1 Qc5 20. Qh6 Qe5
21. Rh4 Qg7 22. Qg5 Rc7 23. Rhd4 b6 24. Bd5 Bxd5 25. Rxd5 Rbc8 26. Qe3 Kf8 27.
h4 Rc5 28. Rxc5 Rxc5 29. Qe4 Qb2 30. Qa8+ Kg7 31. Qxa7 Qxe2 32. Rf1 Ra5 33.
Qxb6 Rxa2 34. Qd4+ Kg8 35. Ra1 e5 0-1

[Event "15. OIBM Bad Wiessee"]
[Site "Bad Wiessee"]
[Date "2011.11.04"]
[Round "8.18"]
[White "Kunin, Vitaly"]
[Black "Berchtenbreiter, Max"]
[Result "0-1"]
[WhiteElo "2549"]
[BlackElo "2290"]
[PlyCount "70"]
[EventDate "2011.??.??"]
[WhiteTeam "Freibauer Mörlenbach-Birkenau"]
[BlackTeam "SGem Pang/Rosenheim"]

1. Nf3 c5 2. c4 Nf6 3. g3 b6 4. Bg2 Bb7 5. O-O e6 6. Nc3 Be7 7. d4 cxd4 8. Qxd4
d6 9. Bg5 h6 10. Bxf6 Bxf6 11. Qf4 g5 12. Qd2 a6 13. Rfd1 Be7 14. Ne4 Bxe4 15.
Qd4 O-O 16. Qxe4 Ra7 17. Nd4 Re8 18. Rd2 Qc8 19. b3 Bf8 20. g4 Rd7 21. Qe3 Rc7
22. Rf1 Nd7 23. f4 {Diagramm #} e5 $1 24. fxe5 (24. Nf5 exf4 25. Qh3 Ne5 26.
Bd5) 24... Nxe5 25. Bd5 $4 (25. Qc3) 25... Nxc4 $19 26. Qd3 Nxd2 27. Qxd2 Qxg4+
28. Kh1 Bg7 29. Nf3 Kh8 30. Qd3 Qh3 31. Rg1 g4 32. Nd2 Qxd3 33. exd3 f5 34. Nc4
Re2 35. Nxd6 Rcc2 0-1

[Event "15. OIBM Bad Wiessee"]
[Site "Bad Wiessee"]
[Date "2011.11.04"]
[Round "8.19"]
[White "Stockmann, Michael"]
[Black "Hertneck, Gerald"]
[Result "1-0"]
[WhiteElo "2284"]
[BlackElo "2547"]
[PlyCount "121"]
[EventDate "2011.??.??"]
[WhiteTeam "Sfr. Schöneck"]
[BlackTeam "MSA Zugzwang 82 e.V."]

1. d4 Nf6 2. Nf3 c5 3. c4 cxd4 4. Nxd4 e5 5. Nc2 d5 6. cxd5 Qxd5 7. Qxd5 Nxd5
8. e4 Nb4 9. Bb5+ Bd7 10. Bxd7+ Nxd7 11. Nxb4 Bxb4+ 12. Ke2 Rc8 13. Bd2 Bxd2
14. Nxd2 Ke7 15. Rac1 Nc5 16. Nc4 f6 17. f3 Ne6 18. g3 Rc6 19. Ne3 Nd4+ 20. Kf2
Rhc8 21. Rc3 Kd6 22. Rhc1 Rxc3 23. Rxc3 Rxc3 24. bxc3 Nb5 25. Nd5 Nc7 26. Ne3
Kc5 27. Ke2 Kb5 28. Kd3 Ne6 29. h4 Nc5+ 30. Kd2 Ka4 31. Nc2 b5 32. Kc1 a5 33.
Kd2 h5 34. Kc1 g6 (34... b4 35. cxb4 Nd3+ 36. Kb1 axb4 37. Ne3 Ne1 38. f4 Nd3
39. fxe5 Nxe5 $15) 35. Kd2 g5 36. Kc1 Nd3+ 37. Kd2 gxh4 38. gxh4 Nf4 39. Kc1 {
Diagramm #} Ng2 $4 (39... b4 40. cxb4 (40. c4 b3 $19) 40... Nd3+ 41. Kb1 axb4
42. Ne3 $11) 40. Kb2 b4 (40... Nxh4 41. Ne1 Ng6 42. Nd3 b4 43. c4 b3 44. axb3#)
41. c4 Nf4 42. Ne1 $1 $18 {eine witzige Stellung des gegenseitigen Zugzwangs!}
b3 43. a3 $1 f5 $1 44. exf5 e4 45. fxe4 {Diagramm #} Nd3+ $1 46. Kb1 $1 Ne5 (
46... Nxe1 47. f6 $18) 47. f6 Kxa3 48. Nd3 Nxd3 49. f7 Kb4 50. f8=Q+ Kxc4 51.
Qf7+ Kb4 52. Qa7 Nc5 53. Qb6+ Kc4 54. e5 a4 55. e6 a3 56. e7 a2+ 57. Ka1 Na4
58. Qc6+ Kb4 59. e8=Q b2+ 60. Kxa2 b1=Q+ 61. Kxb1 1-0

[Event "15. OIBM Bad Wiessee"]
[Site "Bad Wiessee"]
[Date "2011.11.04"]
[Round "8.20"]
[White "Lokander, Martin"]
[Black "Jakubiec, Artur"]
[Result "1/2-1/2"]
[WhiteElo "2113"]
[BlackElo "2528"]
[PlyCount "97"]
[EventDate "2011.??.??"]
[WhiteTeam "SK Rockaden"]

1. d4 f5 2. Nc3 Nf6 3. Bg5 d5 4. Bxf6 exf6 5. e3 Nc6 6. Qf3 Be6 7. Bd3 Qd7 8.
a3 O-O-O 9. Nge2 Kb8 10. h4 h5 11. b4 g5 12. g3 Qe8 13. Bb5 Bd6 14. Bxc6 Qxc6
15. hxg5 fxg5 16. Rxh5 f4 17. Kd2 fxe3+ 18. fxe3 Rhf8 19. Qg2 Bg4 20. Rxg5 Bf3
21. Qg1 a5 22. bxa5 Qa6 23. Nf4 Qxa5 24. Qf1 Be4 25. Qb5 Qxb5 26. Nxb5 Be7 27.
Rg7 Rde8 28. Rb1 Rh8 29. a4 Rh2+ 30. Ne2 Bf3 31. Nbc3 Bf6 32. Rf7 Bxe2 33. Nxe2
Bxd4 34. Rf3 Be5 35. g4 d4 36. Kd3 dxe3 37. Rxe3 Rd8+ 38. Ke4 Bd6 39. Nd4 Rg8
40. Rg1 Rh4 41. Kf5 Rf8+ 42. Kg6 Rg8+ 43. Kf5 Rf8+ 44. Kg6 Rhh8 45. Ne6 Rhg8+
46. Kh7 Rh8+ 47. Kg6 Rhg8+ 48. Kh7 Rh8+ 49. Kg6 1/2-1/2

[Event "15. OIBM Bad Wiessee"]
[Site "Bad Wiessee"]
[Date "2011.11.04"]
[Round "8.21"]
[White "Naumann, Alexander"]
[Black "Lorenz, Sascha"]
[Result "1-0"]
[WhiteElo "2546"]
[BlackElo "2272"]
[PlyCount "73"]
[EventDate "2011.??.??"]
[WhiteTeam "SG Solingen e.V."]
[BlackTeam "SK König Tegel 1949 e.V."]

1. d4 d6 2. Nf3 Bg4 3. c4 Bxf3 4. exf3 c6 5. d5 g6 6. Nc3 Bg7 7. Be2 Nf6 8. O-O
O-O 9. Be3 Na6 10. Qd2 c5 11. a3 Qd7 12. Rab1 Rfc8 13. b4 Ne8 14. Rfc1 b6 15.
Qd3 Rab8 16. Bd1 Qf5 17. Ne4 Qd7 18. Bc2 Rb7 19. Qd1 Rbc7 20. Ba4 Qd8 21. Qd3
Nb8 22. Nc3 Nd7 23. Nb5 Rb7 24. f4 Nb8 25. Nc3 Rbc7 26. Ne4 Nf6 27. Nxf6+ Bxf6
28. bxc5 dxc5 29. Qe4 Qf8 30. f5 Rd8 31. fxg6 hxg6 32. Bf4 Rcc8 33. Rb3 Qg7 34.
Rh3 Bb2 35. Rd1 Qf6 36. Rf3 e5 37. Bc1 1-0

[Event "15. OIBM Bad Wiessee"]
[Site "Bad Wiessee"]
[Date "2011.11.04"]
[Round "8.22"]
[White "Teske, Henrik"]
[Black "Wacker, Peter"]
[Result "1-0"]
[WhiteElo "2547"]
[BlackElo "2270"]
[PlyCount "87"]
[EventDate "2011.??.??"]
[WhiteTeam "SC 1950 Remagen"]
[BlackTeam "Pulheimer Sport-Club 1924/57 e.V"]

1. c4 f5 2. Nc3 Nf6 3. g3 g6 4. Bg2 Bg7 5. d4 d6 6. Nf3 O-O 7. O-O Qe8 8. b3 c6
9. Ba3 Na6 10. Rc1 Nc7 11. Re1 Bh6 12. e3 Rb8 13. Bb2 b5 14. c5 d5 15. b4 Nd7
16. a4 a6 17. axb5 axb5 18. Ra1 Bg7 19. Qb3 Kh8 20. Ra7 Bb7 21. Qc2 Qc8 22. Ne2
Ra8 23. Rxa8 Bxa8 24. Nf4 Bb7 25. h4 Bh6 26. Nd3 Nf6 27. Nfe5 Qe6 28. Nf4 Qc8
29. Ra1 Kg7 30. Nfd3 Ne6 31. Nc1 Nd7 32. Ned3 Nf6 33. Nb3 Kg8 34. Bc1 Qc7 35.
e4 fxe4 (35... Bxc1 36. exd5 $1 Nxd5 37. Qxc1 $16) 36. Bxh6 exd3 37. Qxd3 Ra8
38. Re1 Ng7 39. Bf4 Qd7 40. Qe2 Kf7 41. Na5 Bc8 42. Nxc6 Qxc6 43. Qxe7+ Kg8 44.
Bh6 1-0

[Event "15. OIBM Bad Wiessee"]
[Site "Bad Wiessee"]
[Date "2011.11.04"]
[Round "8.23"]
[White "Lupor, Stefan"]
[Black "Krivoborodov, Egor"]
[Result "0-1"]
[WhiteElo "2280"]
[BlackElo "2505"]
[PlyCount "90"]
[EventDate "2011.??.??"]
[WhiteTeam "SG Ennepe-Ruhr-S"]

1. d4 d5 2. c4 c6 3. Nf3 Nf6 4. e3 a6 5. Bd3 Bg4 6. Nbd2 Nbd7 7. Qc2 dxc4 8.
Bxc4 e6 9. b3 c5 10. O-O Rc8 11. Qb1 cxd4 12. Nxd4 Bb4 13. N2f3 e5 14. Nf5 O-O
15. Bb2 Bxf3 16. gxf3 g6 17. Ng3 Qe7 18. a3 Ba5 19. Rc1 Nb6 20. Bf1 Rxc1 21.
Qxc1 Rc8 22. Qd1 Bc3 23. Bxc3 Rxc3 24. Rc1 Rxc1 25. Qxc1 h5 26. b4 h4 27. Ne4
Nxe4 28. fxe4 Qg5+ 29. Kh1 Qg4 30. h3 Qxe4+ 31. Bg2 Qf5 32. Qc7 Na4 33. Qxb7
Nb2 34. Qxa6 Qxf2 35. Qa8+ Kg7 36. Qe4 Qe1+ 37. Kh2 Qg3+ 38. Kg1 Nd1 39. Qf3
Qe1+ 40. Bf1 Nxe3 41. b5 Nxf1 42. Qxf1 Qg3+ 43. Qg2 Qxa3 44. b6 Qb3 45. b7 Qb1+
0-1

[Event "15. OIBM Bad Wiessee"]
[Site "Bad Wiessee"]
[Date "2011.11.04"]
[Round "8.24"]
[White "Bromberger, Stefan"]
[Black "Lupor, Andre¦"]
[Result "1-0"]
[WhiteElo "2511"]
[BlackElo "2300"]
[PlyCount "99"]
[EventDate "2011.??.??"]
[WhiteTeam "FC Bayern München e.V."]
[BlackTeam "SG Ennepe-Ruhr-S"]

1. e4 c6 2. d4 d5 3. e5 Bf5 4. Nc3 e6 5. g4 Bg6 6. Nge2 c5 7. h4 h5 8. Nf4 Bh7
9. Nxh5 cxd4 10. Nb5 Nc6 11. Nxd4 Nge7 12. c3 Nxe5 13. Bg5 N5c6 14. Bf6 Rg8 15.
Nxc6 bxc6 16. Qd4 Qb6 17. Bxg7 Bxg7 18. Nxg7+ Kd8 (18... Kf8 19. Qxb6 axb6 20.
Nh5 Rxg4 21. Nf6 Rg7 22. Nd7+ Ke8 23. Nxb6 Rb8 24. Na4 Be4) 19. Qe5 Qb8 20. Qf6
Qxb2 21. Rd1 Bc2 22. Rd2 (22. Be2 Kd7 23. h5 Bxd1 24. Bxd1) 22... Qb1+ 23. Ke2
Bd1+ (23... Qb5+ 24. Ke3 Qc5+ (24... Qb6+) 25. Kf4 Qd6+ (25... e5+) 26. Kg5)
24. Rxd1 Qe4+ (24... Qc2+) 25. Kd2 Qxh1 (25... Qxg4 26. Nxe6+ Qxe6 27. Qxe6
fxe6) 26. Rb1 Rc8 27. Rb7 Rc7 28. Rxc7 (28. Rb8+ Kd7 29. Rxg8 Rb7 30. c4 Qxf1
31. Re8 Rb2+ 32. Qxb2 Qxf2+ 33. Kc3 Qe3+ 34. Kc2 Qf2+ 35. Kb1 Qg1+ 36. Qc1 Qxg4
37. Rxe7+ Kxe7 38. Qg5+ Qxg5 39. hxg5 f5 40. c5) 28... Kxc7 29. Qxe7+ Kb6 30.
Qb4+ Kc7 31. Qa5+ Kd6 (31... Kb8 32. Ba6 Qxh4 33. Qb4+ Kc7 $11) 32. Qb4+ Kc7
33. Qf4+ Kb6 34. Qxf7 Qxf1 35. Nxe6 Rc8 36. Qf4 a5 37. g5 Qb1 38. Qd4+ c5 39.
Qxd5 Qb2+ 40. Kd1 Qxc3 41. g6 Qa1+ 42. Ke2 Qb2+ 43. Ke3 Qc3+ 44. Kf4 Qf6+ 45.
Qf5 Qxh4+ 46. Ke5 Re8 $2 (46... c4 47. g7 c3 48. Qf8 Qh5+ 49. Kd6) 47. f4 Qe1+
48. Kd6 Rc8 49. Kd7 Rc6 50. Qd5 1-0

[Event "15. OIBM Bad Wiessee"]
[Site "Bad Wiessee"]
[Date "2011.11.04"]
[Round "8.25"]
[White "Grant, Jonathan"]
[Black "Hoffmann, Michael"]
[Result "1/2-1/2"]
[WhiteElo "2209"]
[BlackElo "2496"]
[PlyCount "64"]
[EventDate "2011.??.??"]
[WhiteTeam "Edinburgh West"]
[BlackTeam "SG Solingen e.V."]

1. c4 e5 2. g3 Nf6 3. Bg2 d5 4. cxd5 Nxd5 5. Nc3 Nb6 6. Nf3 Nc6 7. O-O Be7 8.
a3 O-O 9. b4 Be6 10. d3 f6 11. Bb2 a5 12. b5 Nd4 13. Nd2 Qc8 14. e3 Nf5 15. Qc2
a4 16. Rfc1 Ra5 17. Nc4 Nxc4 18. dxc4 Bxc4 19. Nd5 Bxd5 20. Bxd5+ Kh8 21. Be4
Nd6 22. Bxh7 Rxb5 23. Bd3 Rb3 24. Qe2 e4 25. Bc4 Nxc4 26. Rxc4 Qe6 27. Rxc7 Bd6
28. Rc2 Kg8 29. Rd1 Be7 30. Rd4 b5 31. Rc7 Rd8 32. Rb7 Rxd4 1/2-1/2

[Event "15. OIBM Bad Wiessee"]
[Site "Bad Wiessee"]
[Date "2011.11.04"]
[Round "8.33"]
[White "Ziska, Helgi Dam"]
[Black "Ehrke, Michael"]
[Result "1-0"]
[WhiteElo "2460"]
[BlackElo "2203"]
[PlyCount "43"]
[EventDate "2011.??.??"]
[BlackTeam "Lübecker SV von 1873"]

1. e4 d5 2. exd5 Qxd5 3. Nc3 Qa5 4. d4 c6 5. Bd2 Nf6 6. Bc4 Bf5 7. Nf3 e6 8.
Nd5 Qd8 9. Nxf6+ gxf6 10. Bb3 Qb6 11. Nh4 Bg6 12. Qf3 Nd7 13. O-O-O O-O-O 14.
Bf4 Be7 15. Rhe1 f5 16. Bg3 Nf6 17. Nxg6 hxg6 {Diagramm #} 18. Rxe6 $1 Nd5 (
18... fxe6 19. Bxe6+ Nd7 20. Qf4 Bg5 21. Qxg5 Rde8 22. d5 $18) 19. Rxe7 $1 Nxe7
20. Bxf7 c5 21. d5 Kd7 22. d6 1-0

[Event "15. OIBM Bad Wiessee"]
[Site "Bad Wiessee"]
[Date "2011.11.04"]
[Round "8.35"]
[White "Fedorovsky, Michael"]
[Black "Freundorfer, Josef"]
[Result "1/2-1/2"]
[WhiteElo "2416"]
[BlackElo "2185"]
[PlyCount "47"]
[EventDate "2011.??.??"]
[WhiteTeam "SC Tarrasch 45 München"]
[BlackTeam "MTV Ingolstadt"]

1. d4 Nf6 2. c4 g6 3. Nc3 Bg7 4. e4 d6 5. f4 O-O 6. Nf3 c5 7. d5 e6 8. Be2 exd5
9. cxd5 Re8 10. e5 dxe5 11. fxe5 Ng4 12. e6 fxe6 13. d6 Bd7 14. O-O Nc6 15. Kh1
Rf8 16. Bg5 Bf6 17. Ne4 Bxg5 18. Nfxg5 Nf2+ 19. Rxf2 Rxf2 20. Nxe6 Bxe6 21.
Nxf2 Qf6 22. Bg4 Bxg4 23. Nxg4 Qe6 24. Qb3 1/2-1/2

[Event "15. OIBM Bad Wiessee"]
[Site "Bad Wiessee"]
[Date "2011.11.04"]
[Round "8.41"]
[White "Wahlbom, Magnus"]
[Black "Schweiger, Georg"]
[Result "1/2-1/2"]
[WhiteElo "2288"]
[BlackElo "2162"]
[PlyCount "28"]
[EventDate "2011.??.??"]
[WhiteTeam "R÷deby SK"]
[BlackTeam "SU Ebersberg-Grafing"]

1. d4 d5 2. c4 c6 3. Nf3 Nf6 4. Nc3 dxc4 5. a4 Na6 6. Ne5 Ng4 7. Nxg4 Bxg4 8.
f3 Bh5 9. e4 Nb4 10. Be3 e5 11. dxe5 Qa5 12. Bxc4 Bc5 13. Bxc5 Qxc5 14. Qe2
O-O-O 1/2-1/2

[Event "15. OIBM Bad Wiessee"]
[Site "Bad Wiessee"]
[Date "2011.11.04"]
[Round "8.48"]
[White "Marentini, Marcel"]
[Black "Seyb, Dieter"]
[Result "1/2-1/2"]
[WhiteElo "2012"]
[BlackElo "2252"]
[PlyCount "73"]
[EventDate "2011.??.??"]
[WhiteTeam "SF Gottmadingen"]
[BlackTeam "SC Forchheim e.V."]

1. c4 Nf6 2. g3 e5 3. Bg2 d5 4. cxd5 Nxd5 5. Nc3 Nb6 6. Nf3 Nc6 7. O-O Be7 8.
a3 O-O 9. b4 Re8 10. d3 Bf8 11. Bb2 Nd4 12. Nxd4 exd4 13. Nb5 a5 14. Qc2 c6 15.
Nxd4 axb4 16. axb4 Rxa1 17. Bxa1 Bxb4 18. Bxc6 bxc6 19. Nxc6 Qc7 20. Nxb4 Qxc2
21. Nxc2 Rxe2 22. Ne3 Be6 23. Rb1 Nd7 24. d4 h6 25. Kf1 Ra2 26. d5 Bh3+ 27. Kg1
Nc5 28. Bd4 Ne4 29. Nc4 f6 30. Rd1 Rc2 31. Na3 Ra2 32. Nb1 Bg4 33. Rc1 Bf3 34.
h4 Ra5 35. Nc3 Nxc3 36. Bxc3 Rxd5 37. Re1 1/2-1/2